| 000 | 00356pab a2200145 454500 | ||
|---|---|---|---|
| 008 | 180718b1987 xxu||||| |||| 00| 0 eng d | ||
| 100 | _aMcRae, Susan | ||
| 245 | _aThe allocation of money in cross - class families | ||
| 260 | _c1987 | ||
| 300 | _a97-122 | ||
| 362 | _aFeb. | ||
| 650 | _aIncome, Family | ||
| 773 | _aSociological Review | ||
| 909 | _a10300 | ||
| 999 |
_c10300 _d10300 |
||